00415nam a2200157Ia 4500008004100000020001500041082001500056100001500071245006500086250000800151260002800159300001100187500002500198650001500223700001900238230524s9999 xx 000 0 und d a0443101027 a612.6bWAU aAnne Waugh 0aAnatomy and Physiology in Health and Illness (Ross & Wilson) a9TH aNEWYORKbElsevierc2001 aIV;463 aQuantity Number: 31 aBiomedical a Allison Grant